Cities of South Dakota Quiz Stats

 Plays Quiz not verified by Sporcle

Challenge
Share
Tweet
Embed
Score 0/10 Timer 02:00
0 Plays Today
Population City % Correct
154,997Sioux Falls
97.6%
13,899Pierre
92.8%
65,491Rapid City
91%
24,460Aberdeen
78.9%
19,865Brookings
68.7%
20,488Watertown
66.3%
13,798Yankton
65.1%
14,752Mitchell
63.3%
10,495Vermillion
61.4%
11,033Huron
54.8%

You're not logged in!

Compare scores with friends on all Sporcle quizzes.
Join for Free
OR
Log In

You Might Also Like...

Show Comments

Extras

Top Quizzes Today


Score Distribution

Your Account Isn't Verified!

In order to create a playlist on Sporcle, you need to verify the email address you used during registration. Go to your Sporcle Settings to finish the process.

Report this User

Report this user for behavior that violates our Community Guidelines.

Details: